Thiền luận; Quyển thượng
Spremljeno u:
| Glavni autor: | |
|---|---|
| Format: | Knjiga |
| Jezik: | Undetermined |
| Izdano: |
Tp. HCM
Nxb. Tp. HCM
1998
|
| Teme: | |
| Oznake: |
Dodaj oznaku
Bez oznaka, Budi prvi tko označuje ovaj zapis!
|
| Thư viện lưu trữ: | Trung tâm Học liệu Trường Đại học Cần Thơ |
|---|
| LEADER | 00498nam a2200169Ia 4500 | ||
|---|---|---|---|
| 001 | CTU_27931 | ||
| 008 | 210402s9999 xx 000 0 und d | ||
| 082 | |a 294.3927 | ||
| 082 | |b S968/T.1 | ||
| 100 | |a Daisetzteitaro Suzuki | ||
| 245 | 0 | |a Thiền luận; Quyển thượng | |
| 245 | 0 | |c Daisetzteitaro Suzuki; Trúc Thiên (dịch) | |
| 260 | |a Tp. HCM | ||
| 260 | |b Nxb. Tp. HCM | ||
| 260 | |c 1998 | ||
| 650 | |a zen buddhism | ||
| 980 | |a Trung tâm Học liệu Trường Đại học Cần Thơ | ||